000 00700nam a22002297a 4500
999 _c5744
_d5744
003 OSt
005 20251028103957.0
008 251028b ||||| |||| 00| 0 eng d
020 _a9780008241384
040 _cKH8
082 _a495 COL
130 _aCollins French Dictionary & Grammar
245 _aCollins French Dictionary & Grammar.
260 _aIreland ;
_bHarperCollins Publishers ,
_c2018.
300 _axviii, 944 pages :
_c20 cm.
500 _aIncludes index
650 _aFrench language
_vDictionary
_xEnglish.
650 _aEnglish language
_vDictionary
_xFrench.
650 _aFrench language
_vGrammar
_xEnglish.
650 _aEnglish language
_vGrammar
_xFrench.
942 _2ddc
_cREF